| 000 | 00641nam a2200217 a 4500 | ||
|---|---|---|---|
| 001 | 000029503 | ||
| 003 | DO-SdBNP | ||
| 005 | 20220923135531.0 | ||
| 007 | ta | ||
| 008 | 110418s1943 000 0 spa d | ||
| 040 |
_aDO-SdBNP _bspa _cBNPHU |
||
| 082 |
_axxx _bM981d |
||
| 100 | 1 |
_aMurray-Jacoby, H. _956366 _qHerman _d1892-1955 |
|
| 245 | 1 | 3 |
_aThe diplomacy of president Trujillo / _cH. Murray Jacoby ; introducción R. Comprés Pérez. |
| 260 |
_a[s.l.] : _b[s.n.], _c1943. |
||
| 300 |
_a18 p. ; _c22 cm. |
||
| 590 | _aInventariado, 2022/ YL | ||
| 700 | 1 | 2 |
_aComprés Pérez, R. _eintr. _982432 |
| 910 | _aYLockward | ||
| 942 |
_2ddc _cLF2 |
||
| 999 |
_c28995 _d28995 |
||